000 00891am a2200301a 44500
003 AR-BaBNM
005 20251128210734.0
008 121020s2000 #AR|||||||||||000 | spa||
020 _a950-808-262-3
040 _cAR-BaBNM
100 1 _aRosbaco, Inés Cristina
245 1 0 _aEl desnutrido escolar
_bdificultades de aprendizaje en los niños de contextos de pobreza urbana
260 _aRosario
_bHomo Sapiens Ediciones
_c2000
300 _a140 p.
500 _aContiene referencias bibliográficas
650 4 _aPROCESO DE APRENDIZAJE
650 4 _aDIFICULTADES EN EL APRENDIZAJE
650 4 _aRELACION PADRES-HIJOS
650 4 _aIDENTIFICACION
650 4 _aPAPEL DE LA ESCUELA
650 4 _aPSICOLOGIA DE LA EDUCACION
650 4 _aIDENTIDAD
650 4 _aPOBREZA
653 _aFRACASO ESCOLAR
653 _aMARGINACION EDUCATIVA
942 _cBK
998 _cRAQUEL
999 _c16680
_d16680